Entry Personal Name
Number of records used in: 1
001 - CONTROL NUMBER
003 - CONTROL NUMBER IDENTIFIER
005 - DATE AND TIME OF LATEST TRANSACTION
- control field:
20211201114556.0
008 - FIXED-LENGTH DATA ELEMENTS
- fixed length control field:
890526n| acannaabn |a aaa
010 ## - LIBRARY OF CONGRESS CONTROL NUMBER
- LC control number:
n 88123094
040 ## - CATALOGING SOURCE
- Original cataloging agency:
DLC
- Language of cataloging:
eng
- Transcribing agency:
DLC
- Modifying agency:
DLC
100 1# - HEADING--PERSONAL NAME
- Personal name:
Kurien, Verghese,
- Dates associated with a name:
1921-2012
400 1# - SEE FROM TRACING--PERSONAL NAME
- Personal name:
Kurien, Varghese,
- Dates associated with a name:
1921-2012
400 1# - SEE FROM TRACING--PERSONAL NAME
- Personal name:
Kurien, V.
- Fuller form of name:
(Verghese),
- Dates associated with a name:
1921-2012
670 ## - SOURCE DATA FOUND
- Source citation:
Kamath, M.V. Management Kurien-style, 1989:
- Information found:
introd. (Dr. V. Kurien) p. 3 (Verghese Kurien) p. 6 (b. 11/26/1921) jkt. (Varghese Kurien)
670 ## - SOURCE DATA FOUND
- Source citation:
Ind. WW, 1988-89, 1988:
- Information found:
p. 152a (Kurien, Verghese)
670 ## - SOURCE DATA FOUND
- Source citation:
New York times WWW site, Sept. 11, 2012
- Information found:
(in obituary published Sept. 10: Verghese Kurien; b. Nov. 26, 1921, Kerala; d. Sunday [Sept. 9, 2012], Nadiad, Gujarat, aged 90; engineer who led India's so-called White Revolution, in which he helped thousands of dairy farmers create cooperatives to produce and market milk, reducing hunger and poverty and eventually transforming India into the world's largest milk producer)